000 00385nam a2200181Ia 4500
001 6226
005 20250626025557.0
008 211022s9999 xx 000 0 und d
020 _a0870111558
082 _a915.125 BUR
100 _aBurati, Robert
245 0 _aHong Kong
260 _aTokyo
260 _bKodansha International
260 _c1971
300 _a138
942 _cBK
999 _c5687
_d5687